000 00806nam a2200241Ia 4500
003 GCL
008 140319s9999 xx 000 0 ara d
040 _aGCL /
_cGCL
082 0 4 _aق
_b962.02
_bم ت
100 1 _aمكى شبيكة
245 1 0 _aتاريخ شعوب وادى النيل : مصر والسودان /
_cمكى شبيكة
300 _a790 ص
490 _a100 قصة
_v0
650 0 4 _aالاحوال الاجتماعية
650 0 4 _aالاحوال السياسية
650 0 4 _aالسودان
650 0 4 _aالاحوال الاقتصادية
650 0 4 _aالمقاومة الشعبية
650 0 4 _aعباس حلمى الثانى 1914-1892
650 0 4 _aالجيش المصرى
650 0 4 _aمصر - تاريخ - العصر الحديث (1805 - 1956 )
942 _2ddc
_cBK
999 _c46421
_d46421